000 00469nam a2200157 i 4500
001 49662
003 ES-MaACL
005 20230906162036.0
007 t|
008 030721s1916 ag ||||1| spa d
100 1 _aCotta, Juan Manuel.
_941187
245 1 0 _aLecturas morales pra formar el caracter de los niƱos
_b: ejemplos /
_cJuan Manuel Cotta.
260 _aBuenos Aires :
_b[s.n.],
_c1916 (
_fCabaut y C.)
300 _a148 p. ;
_c19 cm.
852 _aES-MaACL
_jD-652
999 _c49662
_d49662